000
00320 a2200157 4500
001
49766
020
_a
9786580082117
040
_c
Anchieta - Bela Vista
100
_a
Sanda, Fabiane
240
1
0
_a
Unaware
_l
por
245
1
0
_a
Unaware
300
_a
65
362
0
_a
2019
650
4
_a
Literatura infantil
942
_c
BK
999
_c
49766
_d
49766